000 00305nam a22001337a 4500
008 170717b xxu||||| |||| 00| 0 eng d
020 _a9780785250326
041 _aeng
080 _a2
100 _a24
101 _aTEO
245 _aUNDERSTANDING CHRISTIAN THEOLOGY
_cSWINDOLL,, CH.R
942 _2udc
_cBK
999 _c21320
_d21320